Statistics for Official Names of Asian Countries

Click here to take the quiz!

General Stats

  • This quiz has been taken 19 times
  • The average score is 18 of 48

Answer Stats

CountryOfficial Name% Correct
South KoreaRepublic of Korea
71%
United Arab EmiratesUnited Arab Emirates
71%
Saudi ArabiaKingdom of Saudi Arabia
64%
ChinaPeoples Republic of China
64%
ArmeniaRepublic of Armenia
64%
AzerbaijanRepublic of Azerbaijan
64%
TaiwanRepublic of China
57%
IndiaRepublic of India
57%
IndonesiaRepublic of Indonesia
57%
PhilippinesRepublic of the Philippines
57%
UzbekistanRepublic of Uzbekistan
57%
YemenRepublic of Yemen
57%
North KoreaDemocratic Peoples Republic of Korea
50%
BahrainKingdom of Bahrain
50%
ThailandKingdom of Thailand
50%
CyprusRepublic of Cyprus
50%
IraqRepublic of Iraq
50%
TurkeyRepublic of Turkey
50%
OmanSultanate of Oman
50%
BhutanKingdom of Bhutan
43%
CambodiaKingdom of Cambodia
43%
TajikistanRepublic of Tajikistan
43%
TurkmenistanTurkmenistan
43%
GeorgiaGeorgia
36%
MaldivesRepublic of Maldives
36%
SingaporeRepublic of Singapore
36%
IranIslamic Republic of Iran
29%
MongoliaMongolia
29%
IsraelState of Israel
29%
JordanHashemite Kingdom of Jordan
21%
AfghanistanIslamic Republic of Afghanistan
21%
PakistanIslamic Republic of Pakistan
21%
MalaysiaMalaysia
21%
QatarState of Qatar
21%
BruneiBrunei Darussalam
14%
East TimorDemocratic Republic of Timor-Leste
14%
Sri LankaDemocratic Socialist Republic of Sri Lanka
14%
NepalFederal Democratic Republic of Nepal
14%
KyrgyzstanKyrgyz Republic
14%
LaosLao Peoples Democratic Republic
14%
LebanonLebanese Republic
14%
KazahkstanRepublic of Kazahkstan
14%
MyanmarRepublic of the Union of Myanmar
14%
VietnamSocialist Republic of Vietnam
14%
JapanState of Japan
14%
KuwaitState of Kuwait
14%
SyriaSyrian Arab Republic
14%
BangladeshPeooles Republic of Bangladesh
0%

Score Distribution

Percentile by Number Answered

Percent of People with Each Score

Your Score History

You have not taken this quiz